Detalles MARC
| 000 -CABECERA |
| campo de control de longitud fija |
04233nam a2200289 4500 |
| 001 - NÚMERO DE CONTROL |
| campo de control |
113358 |
| 003 - IDENTIFICADOR DEL NÚMERO DE CONTROL |
| campo de control |
DR-UNIBE |
| 005 - FECHA Y HORA DE LA ÚLTIMA TRANSACCIÓN |
| campo de control |
20250724062549.0 |
| 008 - DATOS DE LONGITUD FIJA--INFORMACIÓN GENERAL |
| campo de control de longitud fija |
250321b2000 ve ||||| |||| 00| 0 spa d |
| 020 ## - NÚMERO INTERNACIONAL ESTÁNDAR DEL LIBRO |
| Número Internacional Estándar del Libro |
9800769234 |
| 040 ## - FUENTE DE LA CATALOGACIÓN |
| Centro catalogador/agencia de origen |
BIBLIOTECA UNIBE |
| Centro/agencia transcriptor |
BIBLIOTECA UNIBE |
| 041 ## - CÓDIGO DE LENGUA |
| Código de lengua del texto/banda sonora o título independiente |
spa |
| 082 ## - NÚMERO DE LA CLASIFICACIÓN DECIMAL DEWEY |
| Número de edición |
22 |
| Número de clasificación |
347.8705 A162c 2000 |
| 100 ## - ENTRADA PRINCIPAL--NOMBRE DE PERSONA |
| Nombre de persona |
Abreu Burelli, Alirio, |
| Fechas asociadas al nombre |
1917-2010 |
| Término indicativo de función/relación |
autor |
| 9 (RLIN) |
193294 |
| 100 ## - ENTRADA PRINCIPAL--NOMBRE DE PERSONA |
| Nombre de persona |
Mejía Arnal, Luis Aquiles, |
| Fechas asociadas al nombre |
1944-2019 |
| Término indicativo de función/relación |
autor |
| 9 (RLIN) |
193295 |
| 245 13 - MENCIÓN DE TÍTULO |
| Título |
La casación civil / |
| Mención de responsabilidad, etc. |
Alirio Abreu Burelli, Luis Aquiles Mejía Arnal |
| 260 ## - PUBLICACIÓN, DISTRIBUCIÓN, ETC. |
| Lugar de publicación, distribución, etc. |
Caracas : |
| Nombre del editor, distribuidor, etc. |
Editorial Jurídica Alva, |
| Fecha de publicación, distribución, etc. |
2000 |
| 300 ## - DESCRIPCIÓN FÍSICA |
| Extensión |
595 páginas : |
| Dimensiones |
23 x 15 cm |
| 504 ## - NOTA DE BIBLIOGRAFÍA, ETC. |
| Nota de bibliografía, etc. |
Incluye referencias bibliográficas e índice |
| 505 0# - NOTA DE CONTENIDO CON FORMATO |
| Nota de contenido con formato |
Presentación |<br/>Introducción |<br/>I. ORIGEN Y EVOLUCIÓN DE LA CASACIÓN EN EUROPA |<br/>1. Antecedentes de la casación, en Roma y en el derecho medieval |<br/>2. La casación en Francia |<br/>3. La casación en Italia |<br/>4. La revisión alemana |<br/>5. La casación en España |<br/>II. LA CASACIÓN EN LATINOAMÉRICA |<br/>1. La casación en Colombia |<br/>2. La casación en Argentina |<br/>3. La casación en Uruguay |<br/>III. IMPLANTACIÓN Y EVOLUCIÓN DE LA CASACIÓN EN VENEZUELA |<br/>1. Implantación y primer desarrollo de la casación en Venezuela |<br/>2. El Código de Procedimiento Civil de 1916 |<br/>IV. CONCEPTO Y CLASIFICACIÓN DE LOS RECURSOS |<br/>1. Concepto de recurso |<br/>2. Clasificación de los recursos |<br/>3. El sistema venezolano de los recursos |<br/>V. CONCEPTOS FUNDAMENTALES DE LA CASACIÓN |<br/>1. Naturaleza jurídica |<br/>2. Definición |<br/>3. Características de la casación |<br/>4. Finalidades de la casación |<br/>5. Fundamento constitucional del recurso |<br/>6. Elementos y presupuestos de la casación |<br/>7. Principios que rigen la casación venezolana |<br/>VI. PRESUPUESTOS DE LA ADMISIÓN DEL RECURSO |<br/>1. Cualidad de parte |<br/>2. Agravio |<br/>3. Sentencias recurribles |<br/>4. Condiciones formales de interposición del recurso |<br/>EJERCICIOS |<br/>VII. CASACIÓN POR QUEBRANTAMIENTO DE FORMAS PROCESALES EN MENOSCABO DEL DERECHO DE DEFENSA |<br/>1. Distribución entre los errores relativos al orden del proceso, (errores in procedendo) y los cometidos al resolver la contraversia (errores in iudicando) |<br/>2. Quebrantamiento de formas procesales en menoscabo del derecho de defensa |<br/>EJERCICIOS |<br/>VIII. CASACIÓN POR DEFECTOS DE FORMA DE LA SENTENCIA | <br/>1. Nulidad e inexistencia de la sentencia |<br/>2. Principios que rigen la nulidad de la sentencia |<br/>3. Examen de los vicios de la sentencia |<br/>4. Conclusión del examen de los requisitos de la sentencia |<br/>EJERCICIOS |<br/>IX. CASACIÓN POR INFRACCIÓN DE LA LEY |<br/>1. Infracción de ley y violación del derecho |<br/>2. Aplicación del método silogístico a las decisiones judiciales |<br/>3. Motivos de casación por infracción de la ley |<br/>4. Influencia de la infracción en el dispositivo |<br/>EJERCICIOS |<br/>X. CONTROL DEL ESTABLECIMIENTO Y APRECIACIÓN DE LOS HECHOS |<br/>1. Planteamiento de la cuestión |<br/>2. Infracción de una norma jurídica expresa que regule el establecimiento o apreciación de los hechos o de las pruebas |<br/>3. Suposición |<br/>4. Control de las pruebas no contempladas expresamente en la ley |<br/>EJERCICIOS |<br/>XI. TRÁMITE DEL RECURSO |<br/>1. Anuncio del recurso de casación |<br/>2. Admisión del recurso de casación |<br/>3. Formalización del recurso de casación |<br/>4. Contestación, réplica y contrarréplica |<br/>5. Recusación e inhibición de los magistrados |<br/>XII. LA SENTENCIA DE CASACIÓN Y SUS EFECTOS |<br/>1. Formación de la voluntad del tribunal colegiado |<br/>2. Decisión sobre recursos acumulados |<br/>3. Declaratoria con lugar del recurso por defecto de actividad |<br/>4. Declaratoria con lugar del recurso por infracción de la ley |<br/>5. Declaratoria sin lugar del recurso |<br/>6. Casación de oficio |<br/>7. Efectos de la sentencia de casación |<br/>8. El juicio de reenvío |<br/>9. Recurso de nulidad |<br/>10. Casación sin reenvío |<br/>Modelos de formalización |<br/>Ejemplo de escrito de formalización |<br/>Bibliografía<br/> |
| 650 #7 - PUNTO DE ACCESO ADICIONAL DE MATERIA--TÉRMINO DE MATERIA |
| Fuente del encabezamiento o término |
lemb |
| Término de materia o nombre geográfico como elemento de entrada |
Recurso de casación |
| Subdivisión geográfica |
Venezuela |
| 9 (RLIN) |
197619 |
| 650 #7 - PUNTO DE ACCESO ADICIONAL DE MATERIA--TÉRMINO DE MATERIA |
| Fuente del encabezamiento o término |
lemb |
| Término de materia o nombre geográfico como elemento de entrada |
Procedimiento civil |
| Subdivisión geográfica |
Venezuela |
| 9 (RLIN) |
197620 |
| 650 #7 - PUNTO DE ACCESO ADICIONAL DE MATERIA--TÉRMINO DE MATERIA |
| Fuente del encabezamiento o término |
lemb |
| Término de materia o nombre geográfico como elemento de entrada |
Recursos (Derecho) |
| 9 (RLIN) |
5917 |
| 650 #7 - PUNTO DE ACCESO ADICIONAL DE MATERIA--TÉRMINO DE MATERIA |
| Fuente del encabezamiento o término |
lemb |
| Término de materia o nombre geográfico como elemento de entrada |
Apelación |
| Subdivisión geográfica |
Venezuela |
| 9 (RLIN) |
197621 |
| 700 ## - PUNTO DE ACCESO ADICIONAL--NOMBRE DE PERSONA |
| Nombre de persona |
Fix-Zamudio, Héctor, |
| Fechas asociadas al nombre |
1924-2021 |
| Término indicativo de función/relación |
prologuista |
| 9 (RLIN) |
193299 |
| 942 ## - ELEMENTOS DE PUNTO DE ACCESO ADICIONAL (KOHA) |
| Fuente del sistema de clasificación o colocación |
Sistema de Clasificación Decimal Dewey |
| Tipo de ítem Koha |
Libro (general) |